Movimientos antisistémicos

Saved in:
Bibliografiske detaljer
Main Authors: Arrighi, Giovanni (Author), Hopkins, Terence Kilbourne (Author), Wallerstein, Immanuel (Author)
Format: Bog
Sprog:spansk
Udgivet: Madrid Akal 1999
Udgivelse:1a. ed
Serier:Cuestiones de Antagonismo, 1
Fag:
Tags: Tilføj Tag
Ingen Tags, Vær først til at tagge denne postø!

MARC

LEADER 00000cam a2200000 a 4500
001 UCC3254
003 CL-VaPUC
008 180427e19990000sp |||||||||||||||||spa|d
020 |a 9788446011842 
082 0 4 |a 306.3  |b ARR  |2 21 
100 0 |a Arrighi, Giovanni  |e author  |9 597251 
700 0 |a Hopkins, Terence Kilbourne  |e author  |9 597252 
700 0 |a Wallerstein, Immanuel  |e author  |9 597253 
245 1 0 |a Movimientos antisistémicos 
250 |a 1a. ed 
300 |a 125 p 
942 |c BK 
945 |d 20180427 13:12:00  |a dcastane 
260 |a Madrid  |b Akal  |c 1999 
650 0 |a Movimientos sociales  |9 315241 
650 0 |a Conflictos sociales   |9 372024 
650 0 |a Capitalismo  |9 255255 
650 0 |a Socialismo  |9 255260 
583 |a last modification  |c 20180427 13:12:00  |k Rodrigo Vera 
490 0 |a Cuestiones de Antagonismo, 1 
999 |c 371023  |d 371021 
952 |0 0  |1 0  |2 ddc  |3 erb  |4 0  |6 306_300000000000000_ARR_1999  |7 0  |8 A  |9 487870  |a BIBING  |b BIBING  |i 546756K  |o 306.3 ARR 1999  |p 546756K  |r 2025-01-20  |w 2019-11-24  |y BK  |z Catalogado en:20180427  |k GEO